| 000 | 00798nam a22002657a 4500 | ||
|---|---|---|---|
| 003 | CHAP | ||
| 005 | 20220329140357.0 | ||
| 008 | 971013s r 00010 d | ||
| 010 | _a51103 | ||
| 011 | _a52075 | ||
| 035 | _a56225 | ||
| 040 | _cCHAP | ||
| 090 | _aR-688 | ||
| 100 | 0 | 0 |
_aWalker, Gilbert T. _9120868 |
| 245 | _aSeasonal weather and its prediction | ||
| 500 | _aSobretiro de: Smithsonian Report 1935. pp. 117-138, 1936 | ||
| 590 |
_aBATCH-UPD _b10 _c20130110 _lUCH01 _h0629 |
||
| 590 |
_aBATCH-UPD _b10 _c20130410 _lUCH01 _h0312 |
||
| 590 |
_aBATCH-UPD _b10 _c20130914 _lUCH01 _h2046 |
||
| 590 |
_aCONVERSION _b10 _c20130109 _lUCH01 _h1328 |
||
| 650 | 1 | 4 |
_aTiempo (Atmosférico) _xPredicción. _9113049 |
| 901 | _aBK | ||
| 942 | _cREIMP | ||
| 949 |
_aR-688 _bBC _cR _d-122923 _eTS1 _i56225 _si |
||
| 999 |
_c51103 _d51103 |
||